|
|
|
|
| LEADER |
00000nab a2200000 a 4500 |
| 001 |
vtls010711851 |
| 003 |
SK-MaSNL |
| 005 |
20260304194940.0 |
| 008 |
250709s2008 xo |||||||||||||||||slo| |
| 035 |
|
|
|a (urnnbn)urn:nbn:sk:snk:ar-a0473o
|
| 035 |
|
|
|a (uuid)fd1c772f-62f5-45b8-8557-61a7015ad35d
|
| 035 |
|
|
|a urn:nbn:sk:snk-ab3ewy
|
| 040 |
|
|
|a SNKBUCL
|b slo
|c SNKBUCL
|e AACR2
|
| 041 |
0 |
|
|a slo
|
| 044 |
|
|
|a xo
|c SK
|
| 100 |
1 |
|
|a Pavlovič, Igor
|4 aut
|9 645130
|
| 245 |
1 |
0 |
|a Nové formy počítačovej kriminality
|c Igor Pavlovič, Matej Kostrec
|
| 700 |
1 |
|
|a Kostrec, Matej,
|d 1977-
|4 aut
|9 249470
|
| 773 |
0 |
|
|t Policajná teória a prax : časopis Akadémie Policajného zboru pre policajnú teóriu a prax
|g Roč. 16, č. 4 (2008), s. 93-101
|
| 850 |
|
|
|a Slovenská národná knižnica
|
| 852 |
|
|
|a Slovenská národná knižnica
|
| 954 |
|
|
|a odborná, vedecká literatúra pôvodná (slovenská)
|2 lita
|
| 958 |
|
|
|a article1
|
| 958 |
|
|
|a OND
|
| 958 |
|
|
|a EUIPO
|
| 999 |
|
|
|c 3078039
|d 3079969
|